|
|
|
|
| LEADER |
00000nab a2200000 a 4500 |
| 001 |
vtls001496315 |
| 003 |
SK-MaSNL |
| 005 |
20260304140531.0 |
| 008 |
250505c2004 xo 0 slo |
| 015 |
|
|
|a SNBCL2005/2
|
| 035 |
|
|
|a SLK029813
|
| 035 |
|
|
|a urn:nbn:sk:snk-ab2u6x
|
| 035 |
|
|
|a (urnnbn)urn:nbn:sk:snk:ar-a02y6j
|
| 035 |
|
|
|a (uuid)1dd0c206-f7ff-4766-b4f5-cab1d6e2e59c
|
| 040 |
|
|
|a SNKBUCL
|b slo
|c SNKBUCL
|e AACR2
|
| 041 |
1 |
|
|a slo
|h eng
|
| 044 |
|
|
|a xo
|c SK
|
| 080 |
|
|
|a 159.922-053.6
|2 1981
|
| 100 |
1 |
|
|a Koubeková, Eva
|u Výskumný ústav detskej psychológie a patopsychológie, Bratislava
|4 aut
|9 807724
|
| 245 |
1 |
0 |
|a Sebaúcta - zdroj efektívneho zvládania záťaže adolescentami
|c Eva Koubeková
|
| 246 |
1 |
0 |
|a Self-esteem - the source of effective coping with stress by adolescents
|
| 246 |
1 |
1 |
|a Self-esteem - the source of effective coping with stress by adolescents
|
| 300 |
|
|
|b Tab.
|
| 504 |
|
|
|a Res. angl., slov.
|
| 504 |
|
|
|a Bibliogr. odkazy
|
| 650 |
0 |
7 |
|a riadenie rizikových situácií
|x metódy
|2 MESH
|9 1055289
|
| 650 |
0 |
7 |
|a sebahodnotenie
|2 MESH
|9 21934
|
| 650 |
0 |
7 |
|a adaptácia (psychológia)
|2 MESH
|9 238967
|
| 650 |
0 |
7 |
|a rozhodovanie (psychológia)
|x adolescent
|2 MESH
|9 1457022
|
| 650 |
0 |
7 |
|a adolescenti
|2 MESH
|9 4892
|
| 773 |
0 |
|
|t Psychológia a patopsychológia dieťaťa
|g Roč. 39, č. 1 (2004), s. 3-11
|x 0555-5574
|
| 850 |
|
|
|a Slovenská národná knižnica
|
| 852 |
|
|
|a Slovenská národná knižnica
|
| 954 |
|
|
|a odborná, vedecká literatúra pôvodná (slovenská)
|2 lita
|
| 958 |
|
|
|a article2022
|
| 958 |
|
|
|a OND
|
| 958 |
|
|
|a EUIPO
|
| 999 |
|
|
|c 2915713
|d 2917643
|